00661nam a2200169Ia 4500999001700000041001200017082001200029100006400041245009200105260003100197300001700228504004000245536004700285546001200332942001200344952013500356 c37191d37191 aEnglish aRP.0357 aPande, MilinduIndian Institute of Foreign TradevNew Delhi 0aRegional Study of telecom technology option for Indian rural education / cMilind Pande aNew Delhi : bICSSR,c2010 axxxi, 371p ; aInclude bibliographical references. aIndian Council of Social Science Research. aEnglish cRP2ddc 001040718PDFaNASSDOCbNASSDOCd2022-10-11eGifted by: Research Fellowship Divisionl0oRP.0357p52394r2022-10-11 00:00:00yRP